00717nam a2200169 a 4500008004100000020001500041050001600056100001900072245011900091260005800210300001100268350000900279650001700288995009300305999001700398952013200415060424s1990 ||||||||||||||||| || u a0962570486 aHF 5429 War aWardell, Paula10aSuccessful retailing : your step-by-step guide to avoiding pitfalls and finding profit as an independent retailer  aKansas City :bRetail Strategies and publishingc1990 a135 p. a0.00 aRETAIL TRADE D0.00FCBU-MAIN LIBRARY (Kitwe)H1I24.95UAVAILABLEZMain Library Open Access Collection c59057d59057 00102lcc4070a001b001cMain Library Open Access Collectiond2022-11-30l0oHF 5429 Warp004931r2022-11-30w2022-11-30y002